000 00439nam a2200181Ia 4500
001 13853
005 20260306164831.0
008 260306t2006||||xx |||||||||||||| ||spa||
041 _aESP
082 _a005.369AR
_bP76
100 _aPoma García, Jorge Luis
_eAUT
245 0 _aArchiCad:
_bmodelo arquitectónico
260 _c2006
300 _a464 páginas :
_c21 cm.
650 _aGEN
654 _aCCC
942 _cLIB
_dJUS
_fJUS
_2ddc
_n
999 _c13853
_d13853